000 00453nam a2200193Ia 4500
005 20250423100800.0
008 250422s9999 xx 000 0 und d
020 _a9780415502962
050 _aNA 2700 .R44/
100 _aReekie, Fraser
245 0 _aReekie’s architectural drawing
250 _a4th ed.
260 _aNew York
260 _bRoutledge
260 _c1995
300 _a249 p
650 _aArchitectural drawing.
942 _cBK
999 _c34324
_d34324